Преобразователь документации, представленной в электронном виде, в печатный, с помощью грифельного стержня (грифельный принтер-графопостроитель); Архитекторы будущего

Detaylı Bibliyografya
Parent link:Архитекторы будущего.— 2014.— [С. 17-18]
Müşterek Yazar: Национальный исследовательский Томский политехнический университет (ТПУ) Институт кибернетики (ИК) Кафедра автоматики и компьютерных систем (АИКС)
Diğer Yazarlar: Климкович А. В. Александр Вадимович, Герасимов Д. В. Дмитрий Викторович, Кушнирук А. Е., Волков А. А.
Özet:Заглавие с титульного экрана
Dil:Rusça
Baskı/Yayın Bilgisi: 2014
Konular:
Online Erişim:http://earchive.tpu.ru/handle/11683/21871
Materyal Türü: MixedMaterials Elektronik Kitap Bölümü
KOHA link:https://koha.lib.tpu.ru/cgi-bin/koha/opac-detail.pl?biblionumber=617799

MARC

LEADER 00000naa2a2200000 4500
001 617799
005 20231101132958.0
035 |a (RuTPU)RU\TPU\conf\16141 
035 |a RU\TPU\conf\16139 
090 |a 617799 
100 |a 20160418d2014 k y0rusy50 ca 
101 0 |a rus  |e rus 
102 |a RU 
105 |a y z 101zy 
135 |a drgn ---uucaa 
181 0 |a i  
182 0 |a b 
200 1 |a Преобразователь документации, представленной в электронном виде, в печатный, с помощью грифельного стержня (грифельный принтер-графопостроитель)  |f А. В. Климкович, Д. В. Герасимов, А. Е. Кушнирук, А. А. Волков 
203 |a Текст  |c электронный 
230 |a 1 компьютерный файл (pdf; 233 Кб) 
300 |a Заглавие с титульного экрана 
337 |a Adobe Reader 
463 0 |0 (RuTPU)RU\TPU\conf\12711  |t Архитекторы будущего  |o сборник научных трудов Всероссийской научной школы по инженерному изобретательству, проектированию и разработке инноваций, 14-16 ноября 2014 г., г. Томск  |f Национальный исследовательский Томский политехнический университет (ТПУ)   |v [С. 17-18]  |d 2014 
610 1 |a труды учёных ТПУ 
610 1 |a электронный ресурс 
610 1 |a преобразователи 
610 1 |a документация 
610 1 |a электронная документация 
610 1 |a принтеры 
610 1 |a графопостроители 
610 1 |a электронные устройства 
610 1 |a графическая информация 
610 1 |a программное обеспечение 
701 1 |a Климкович  |b А. В.  |c специалист в области информатики и вычислительной техники  |c лаборант кафедры Томского политехнического университета  |g Александр Вадимович  |2 stltpush  |3 (RuTPU)RU\TPU\pers\36388 
701 1 |a Герасимов  |b Д. В.  |c специалист в области информатики и вычислительной техники  |c лаборант Томского политехнического университета  |g Дмитрий Викторович  |2 stltpush  |3 (RuTPU)RU\TPU\pers\36570 
701 1 |a Кушнирук  |b А. Е. 
701 1 |a Волков  |b А. А. 
712 0 2 |a Национальный исследовательский Томский политехнический университет (ТПУ)  |b Институт кибернетики (ИК)  |b Кафедра автоматики и компьютерных систем (АИКС)  |h 125  |2 stltpush  |3 (RuTPU)RU\TPU\col\18698 
801 2 |a RU  |b 63413507  |c 20220225  |g RCR 
856 4 |u http://earchive.tpu.ru/handle/11683/21871 
942 |c BK